Chisi: a woman of courage (Record no. 78220)

MARC details
000 -LEADER
fixed length control field 01079nam a2200193 a 4500
008 - FIXED-LENGTH DATA ELEMENTS--GENERAL INFORMATION
fixed length control field 091029s1998 ||||||||||||||||| || u
020 ## - INTERNATIONAL STANDARD BOOK NUMBER
International Standard Book Number 9982240102
050 ## - LIBRARY OF CONGRESS CALL NUMBER
Classification number PR 9405.9.E66W84
100 ## - MAIN ENTRY--PERSONAL NAME
Personal name Ellison, Gabriel
245 10 - TITLE STATEMENT
Title Chisi: a woman of courage
Statement of responsibility, etc. Gabriel Ellison
260 ## - PUBLICATION, DISTRIBUTION, ETC.
Place of publication, distribution, etc. Lusaka
Name of publisher, distributor, etc. Bookworld Publishers
Date of publication, distribution, etc. 1998
300 ## - PHYSICAL DESCRIPTION
Extent vi, 129p.
350 ## -
-- 20500.00
650 ## - SUBJECT ADDED ENTRY--TOPICAL TERM
Topical term or geographic name entry element ENGLISH LANGUAGE
995 ## -
-- SPECIAL COLLECTIONS
-- 20500.00
-- 740381
-- CBU-MAIN LIBRARY (Kitwe)
-- 1
-- 20500.00
-- ZAM PR 9405.9. E66 W84
-- 2
-- AVAILABLE
-- Nov 19, 2009
-- 740381
-- Zambiana Collection
995 ## -
-- SPECIAL COLLECTIONS
-- 20500.00
-- 740380
-- CBU-MAIN LIBRARY (Kitwe)
-- 1
-- 20500.00
-- ZAM PR 9405.9. E66 W84
-- 1
-- AVAILABLE
-- Nov 19, 2009
-- 740380
-- Zambiana Collection
995 ## -
-- FICTION Collection
-- 20500.00
-- 740382
-- CBU-MAIN LIBRARY (Kitwe)
-- 1
-- 20500.00
-- PR 9405.9. E66 W84
-- 3
-- AVAILABLE
-- Nov 19, 2009
-- 740382
-- Fiction Collection
995 ## -
-- FICTION Collection
-- 20500.00
-- 740383
-- CBU-MAIN LIBRARY (Kitwe)
-- 1
-- 20500.00
-- PR 9405.9. E66 W84
-- 4
-- AVAILABLE
-- Nov 19, 2009
-- 740383
-- Fiction Collection
999 ## -
-- 78220
-- 78220

No items available.